Từ điển pháp luật Việt -Anh
Gespeichert in:
| 1. Verfasser: | |
|---|---|
| Format: | Unbekannt |
| Sprache: | English |
| Veröffentlicht: |
1992
|
| Schlagworte: | |
| Tags: |
Tag hinzufügen
Keine Tags, Fügen Sie den ersten Tag hinzu!
|
| Thư viện lưu trữ: | Mạng thư viện Đại học Đà Nẵng |
|---|
| LEADER | 00935ca a2200289 4500 | ||
|---|---|---|---|
| 001 | 000032371 | ||
| 003 | 8456 | ||
| 005 | 20151022000000.0 | ||
| 008 | 151002s1992 vm 000 eng | ||
| 041 | |a eng | ||
| 082 | |a 423 |b NG-K | ||
| 100 | |a Nguyễn Thế Kỳ | ||
| 245 | |a Từ điển pháp luật Việt -Anh |c Nguyễn Thế Kỳ | ||
| 260 | |c 1992 | ||
| 650 | |a Từ điển pháp luật Việt -Anh, Nguyễn Thế Kỳ | ||
| 852 | |b Đọc |c TỪ ĐIỂN | ||
| OWN | |a LNN | ||
| AVA | |a UDN50 |b LNN |d 423 NG-K |e available |t Error 5001 Not defined in file expand_doc_bib_avail. |f 2 |g 0 |h N |i 0 | ||
| 999 | |a From the UDN01 | ||
| AVA | |a UDN50 |b LNN |d 423 NG-K |e available |t Error 5001 Not defined in file expand_doc_bib_avail. |f 2 |g 0 |h N |i 0 | ||
| 980 | |a Mạng thư viện Đại học Đà Nẵng | ||